000 00608nam a2200241Ia 4500
003 OSt
005 20220918191050.0
006 a|||||r|||| 00| 0
007 ta
008 220917b |||||||| |||| 00| 0 eng d
024 _a61,246
037 _cTextual
040 _aARTS
_cARTS
_beng
041 _2eng
_aeng
082 _aQ6, G3
100 _aDearmer Percy ed
_974782
245 0 _aChristianity and the crisis
260 _aLondon
_bVictor Gollancz
_c1933
300 _a616p.
_ccm.
650 _aRELIGION
942 _hQ6, G3
_cTEXL
_2CC
999 _c188108
_d188108